000
00212 a2200097 4500
001
11000
100
_a
Zimbardo, P.
245
_a
Psychology and life
260
_a
_b
Scott Foresmean & Co
_c
090
_c
8568
_d
8568
942
_a
NUST-CAE
_c
M
_c
35342
999
_c
246073
_d
246073